Building in the garden : the architecture of Joseph Allen Stein in India and California /

Bibliographic Details
Main Author: White, Stephen
Other Authors: Stein, Joseph Allen, 1912-
Format: Book
Language:English
Published: Delhi ; New York : Oxford University Press, 1993.
Subjects:

MARC

Tag First Indicator Second Indicator Subfields
LEADER 00000cam a2200000 a 4500
001 in00001132113
005 20150930085113.0
008 930726s1993 ii a b 001 0 eng d
020 |a 0195629248 
035 |a (OCoLC)28516708 
035 |9 AFX8418AM 
040 |a VPI  |c VPI  |d TXA  |d UtOrBLW 
049 |a TXAM 
090 |a NA737.S638  |b W45 1993 
100 1 |a White, Stephen. 
245 1 0 |a Building in the garden :  |b the architecture of Joseph Allen Stein in India and California /  |c Stephen White. 
264 1 |a Delhi ;  |a New York :  |b Oxford University Press,  |c 1993. 
300 |a 383 pages :  |b illustrations (some color) ;  |c 22 x 29 cm. 
336 |a text  |b txt  |2 rdacontent 
337 |a unmediated  |b n  |2 rdamedia 
338 |a volume  |b nc  |2 rdacarrier 
500 |a Includes index. 
504 |a Bibliography: pages [370]-[376]. 
600 1 0 |a Stein, Joseph Allen,  |d 1912-2001. 
650 0 |a Architecture  |z California  |y 20th century. 
650 0 |a Architecture  |z India  |y 20th century. 
650 0 |a Architecture  |z Himalaya Mountains Region  |y 20th century. 
650 0 |a Architecture, Domestic  |z California. 
650 0 |a Architecture, Domestic  |z India. 
650 0 |a Architecture  |x Environmental aspects. 
700 1 |a Stein, Joseph Allen,  |d 1912- 
740 0 |a Architecture of Joseph Allen Stein in India and California. 
999 |a MARS 
999 f f |s 37152345-2c0c-3ded-a498-d73f80a1f860  |i 25c5d49d-213a-3818-a05b-1899b4d2d90e  |t 0 
952 f f |p normal  |a Texas A&M University  |b College Station  |c Sterling C. Evans Library  |d Evans: Library Stacks  |t 0  |e NA737.S638 W45 1993  |h Library of Congress classification  |i unmediated -- volume  |m A14817416162 
998 f f |a NA737.S638 W45 1993  |t 0  |l Evans: Library Stacks